[Event "Masters Grand Prix"]
[Site "Montpellier"]
[Date "2015.07.05"]
[Round "1.1"]
[White "Prie, Eric"]
[Black "Najart, David"]
[Result "1-0"]
[WhiteElo "2485"]
[BlackElo "2077"]
[PlyCount "81"]
[EventDate "2015.??.??"]

1. d4 {[%emt 0:00:00]} Nf6 2. Bf4 d6 3. Nc3 Bf5 4. f3 d5 5. g4 Bg6 6. h4 h6 7.
e3 c6 8. Qd2 e6 9. Nge2 Nbd7 10. Bg3 Nb6 11. Nf4 Bd6 12. O-O-O Rg8 13. Qh2 Bh7
14. g5 Nfd7 15. g6 fxg6 16. Nxe6 Bxg3 17. Qxg3 Qb8 18. Nc7+ Kd8 19. Ne6+ Ke7
20. Nf4 Qd6 21. e4 Raf8 22. e5 Qb4 23. Rg1 Rxf4 24. Qxf4 Rf8 25. Qe3 Rf5 26. a3
Nc4 27. Bxc4 Qxc4 28. b3 Qa6 29. Kb2 Nf8 30. f4 Ne6 31. Ne2 Qb6 32. Rdf1 Rf7
33. c3 a5 34. a4 c5 35. Ka3 c4 36. bxc4 dxc4 37. Rb1 Qc6 38. d5 Qxd5 39. Rgd1
Qc6 40. Rd6 Qc7 41. Qa7 1-0

[Event "Masters Grand Prix"]
[Site "Montpellier"]
[Date "2015.07.05"]
[Round "1.2"]
[White "Decroix, Paloan"]
[Black "Flear, Glenn C"]
[Result "0-1"]
[WhiteElo "2043"]
[BlackElo "2450"]
[PlyCount "82"]
[EventDate "2015.??.??"]

1. a3 g6 2. Nf3 Bg7 3. Nc3 d5 4. d4 Nf6 5. Bf4 O-O 6. e3 b6 7. Nb5 Na6 8. c4
Bb7 9. Rc1 c5 10. Be5 cxd4 11. exd4 Bh6 12. Rc2 Ne4 13. Be2 dxc4 14. Bxc4 Nd6
15. Be2 Qd7 16. Nc3 Rac8 17. O-O Nc4 18. Bxc4 Rxc4 19. Qe2 Rfc8 20. Rd1 b5 21.
Ne1 b4 22. Nb1 Rxc2 23. Nxc2 Qd5 24. Ne1 bxa3 25. bxa3 Nc7 26. Qb2 Qc6 27. Nc3
Nd5 28. Nxd5 Qxd5 29. Rb1 Ba6 30. h3 Qc4 31. Nf3 Bc1 32. Qb4 Qxb4 33. Rxb4 f6
34. Bg3 Rc3 35. a4 Ba3 36. Rb1 Kf7 37. Bb8 Bd3 38. Rb7 a5 39. Ra7 Bb4 40. Bc7
Rc1+ 41. Kh2 Rxc7 0-1

[Event "Masters Grand Prix"]
[Site "Montpellier"]
[Date "2015.07.05"]
[Round "1.3"]
[White "Brochet, Philippe"]
[Black "Aglave, Arnaud"]
[Result "1-0"]
[WhiteElo "2378"]
[BlackElo "2039"]
[PlyCount "57"]
[EventDate "2015.??.??"]

1. e4 Nf6 2. d3 d5 3. e5 Nfd7 4. f4 e6 5. Qg4 c5 6. Nf3 Nc6 7. Be2 b5 8. O-O
Nb6 9. Be3 f5 10. exf6 Qxf6 11. c3 Bd7 12. Nbd2 Bd6 13. Nb3 O-O 14. Nxc5 Bxf4
15. Bxf4 Qxf4 16. Qxf4 Rxf4 17. Ng5 Rxf1+ 18. Rxf1 Re8 19. d4 a6 20. Nxa6 h6
21. Nf7 b4 22. Nxb4 Nxb4 23. cxb4 Rc8 24. Bd3 Na4 25. b3 Nc3 26. a4 Na2 27. b5
Nc1 28. Ne5 Be8 29. Nc6 1-0

[Event "Masters Grand Prix"]
[Site "Montpellier"]
[Date "2015.07.05"]
[Round "1.4"]
[White "Caron, Damien"]
[Black "Buscara, Sevan"]
[Result "0-1"]
[WhiteElo "2024"]
[BlackElo "2366"]
[PlyCount "55"]
[EventDate "2015.??.??"]

1. e4 d5 2. Nc3 d4 3. Nce2 e5 4. d3 Nc6 5. Nf3 Nf6 6. c3 dxc3 7. bxc3 Bc5 8.
Bg5 h6 9. Bh4 g5 10. Bg3 Qe7 11. Nc1 Bd7 12. Nb3 Bb6 13. Be2 O-O-O 14. Nbd2 g4
15. Nh4 Be6 16. O-O Nh5 17. Re1 Nxg3 18. hxg3 Qc5 19. Rf1 Qxc3 20. Rc1 Qb4 21.
Nc4 h5 22. a3 Qe7 23. a4 Rd4 24. Ne3 Rb4 25. Nd5 Bxd5 26. exd5 Nd4 27. Rc4 Rb2
28. Re1 0-1

Event "Masters Grand Prix"]

[Event "Masters Grand Prix"]
[Site "Montpellier"]
[Date "2015.07.05"]
[Round "1.12"]
[White "Dubois, Marie"]
[Black "Weill, Roland"]
[Result "0-1"]
[WhiteElo "1870"]
[BlackElo "2142"]
[PlyCount "46"]
[EventDate "2015.??.??"]

1. d4 {[%emt 0:00:00]} d6 2. c4 e5 3. dxe5 dxe5 4. Qc2 Nf6 5. Nc3 c6 6. Bg5 Be7
7. Nf3 Qc7 8. g3 Be6 9. b3 Nbd7 10. Bg2 O-O 11. O-O h6 12. Bc1 a5 13. Bb2 Nc5
14. Nd2 a4 15. Rad1 axb3 16. axb3 Qb6 17. Ra1 Rxa1 18. Rxa1 Ng4 19. e3 f5 20.
h3 Nxf2 21. Kxf2 f4 22. Ke1 fxe3 23. Nde4 Nxb3 0-1

[Event "Masters Grand Prix"]
[Site "Montpellier"]
[Date "2015.06.06"]
[Round "2.1"]
[White "Duff, Rufus"]
[Black "Prie, Eric"]
[Result "1/2-1/2"]
[WhiteElo "2117"]
[BlackElo "2485"]
[PlyCount "106"]
[EventDate "2015.??.??"]

1. d4 Nf6 2. c4 c5 3. d5 b5 4. cxb5 a6 5. bxa6 g6 6. Nc3 Bg7 7. e4 O-O 8. Nf3
Qa5 9. Nd2 Bxa6 10. Bxa6 Qxa6 11. Qe2 e6 12. Nc4 exd5 13. exd5 Re8 14. Ne3 Ne4
15. Nxe4 Rxe4 16. a3 f5 17. g3 Qxe2+ 18. Kxe2 Na6 19. Rd1 Rb8 20. Rb1 Nc7 21.
Kf1 Nb5 22. Bd2 f4 23. Ng2 fxg3 24. hxg3 Rd4 25. Be3 Rxd1+ 26. Rxd1 Bxb2 27.
Bxc5 Bxa3 28. Bxa3 Nxa3 29. Ne3 Kf7 30. Kg2 h5 31. Ra1 Rb3 32. Rh1 Kf6 33. Rc1
Nb5 34. Rc8 Nd6 35. Rd8 Rb7 36. Rf8+ Ke7 37. Rh8 Ne4 38. Kf3 Ng5+ 39. Kg2 Rb2
40. Rg8 Ne4 41. Kf3 Ng5+ 42. Kg2 Ne4 43. Kf3 Kf7 44. Rd8 Nxf2 45. Rxd7+ Kf6 46.
Rd6+ Kg5 47. Nc4 Rc2 48. Ne5 Kf5 49. Nxg6 Ng4 50. Ne7+ Ke5 51. Re6+ Kd4 52. Re2
Rxe2 53. Kxe2 Ke5 1/2-1/2

[Event "Masters Grand Prix"]
[Site "Montpellier"]
[Date "2015.07.06"]
[Round "2.2"]
[White "Flear, Glenn C"]
[Black "Dussol, Pierre"]
[Result "1-0"]
[WhiteElo "2450"]
[BlackElo "2116"]
[PlyCount "89"]
[EventDate "2015.??.??"]

1. d4 Nf6 2. c4 c5 3. d5 b5 4. cxb5 a6 5. bxa6 Bxa6 6. Nc3 g6 7. e4 Bxf1 8.
Kxf1 d6 9. g3 Bg7 10. Kg2 O-O 11. Nf3 Nbd7 12. a4 Qb8 13. Qc2 Qb7 14. Ra3 Rfb8
15. Nb5 Nb6 16. b3 Qd7 17. Re1 Rc8 18. Nd2 Rcb8 19. Nc4 Nc8 20. Bd2 Na7 21.
Nxa7 Rxa7 22. a5 Ne8 23. Ra4 Nc7 24. Nb6 Qd8 25. b4 cxb4 26. Bxb4 Na6 27. Bd2
Nc5 28. Rc4 e6 29. dxe6 fxe6 30. e5 Na6 31. exd6 Qxd6 32. Bf4 e5 33. Rc8+ Rxc8
34. Qxc8+ Kf7 35. Qc4+ Kf8 36. Qb5 Nc7 37. Qd7 Qxd7 38. Nxd7+ Kg8 39. Bd2 Nb5
40. Nxe5 Nd6 41. Bb4 Nb7 42. Nc6 Ra8 43. Re7 Rc8 44. a6 Nd8 45. Re8+ 1-0

[Event "Masters Grand Prix"]
[Site "Montpellier"]
[Date "2015.07.06"]
[Round "2.3"]
[White "El Mchaouri Mas, Younes"]
[Black "Brochet, Philippe"]
[Result "1/2-1/2"]
[WhiteElo "2113"]
[BlackElo "2378"]
[PlyCount "97"]
[EventDate "2015.??.??"]

1. d4 {[%emt 0:00:00]} d5 2. Bf4 Nf6 3. e3 c5 4. Nc3 a6 5. Nf3 cxd4 6. exd4 Nc6
7. h3 Bf5 8. Bd3 Be4 9. Bxe4 Nxe4 10. O-O e6 11. Ne2 Be7 12. c3 O-O 13. Nd2
Nxd2 14. Bxd2 b5 15. a3 a5 16. Nf4 b4 17. axb4 axb4 18. Qg4 Kh8 19. Nd3 Qb8 20.
Qf3 Rxa1 21. Rxa1 bxc3 22. bxc3 Qb3 23. g3 Bd8 24. Ra8 Qb7 25. Ra1 Na5 26. Re1
Nc4 27. Bf4 Ba5 28. Nc5 Qb2 29. Rc1 Ra8 30. Kg2 Bd8 31. Nd3 Qb7 32. Ne5 Rc8 33.
Nxc4 Rxc4 34. Bd2 Kg8 35. Ra1 h6 36. h4 Bf6 37. Bxh6 Rc8 38. Bd2 Qb2 39. Qd1 e5
40. Rb1 Qa2 41. dxe5 Bxe5 42. Qg4 Rc4 43. Qf5 Re4 44. Rb7 Qxd2 45. Qxf7+ Kh7
46. Qf5+ Kg8 47. Qf7+ Kh7 48. Qf5+ Kg8 49. Qf7+ 1/2-1/2

[Event "Masters Grand Prix"]
[Site "Montpellier"]
[Date "2015.07.06"]
[Round "2.4"]
[White "Buscara, Sevan"]
[Black "Grollemund, Bertrand"]
[Result "1-0"]
[WhiteElo "2366"]
[BlackElo "2100"]
[PlyCount "91"]
[EventDate "2015.??.??"]

1. e4 {[%emt 0:00:00]} g6 2. d4 Bg7 3. c4 d6 4. Nc3 Nc6 5. Be3 e5 6. d5 Nce7 7.
g4 h6 8. h4 Nf6 9. Be2 c5 10. f3 Nd7 11. Bd3 f5 12. exf5 gxf5 13. Nh3 Nf6 14.
Nf2 e4 15. fxe4 Nxg4 16. Nxg4 fxg4 17. h5 Be5 18. Qd2 Ng8 19. O-O-O Bd7 20. Ne2
Qf6 21. Rdf1 Qg7 22. Nf4 Ne7 23. Ne6 Bxe6 24. dxe6 g3 25. Rh4 g2 26. Rg1 Rg8
27. Bxh6 Qg3 28. Rf4 Bd4 29. Rxg2 Qxg2 30. Rf8+ Rxf8 31. Qxg2 Rg8 32. Qh3 O-O-O
33. Be3 Be5 34. Qh4 Nc6 35. h6 Rde8 36. Be2 Rg2 37. Bh5 Nb4 38. Bxe8 Nd3+ 39.
Kd1 Nxb2+ 40. Ke1 Bg3+ 41. Qxg3 Rxg3 42. Kf2 Rg8 43. Bf7 Rf8 44. h7 Nd3+ 45.
Kg3 Ne5 46. e7 1-0

[Event "Masters Grand Prix"]
[Site "Montpellier"]
[Date "2015.07.06"]
[Round "2.16"]
[White "Samuel, Christian"]
[Black "Sanchez, Amelie"]
[Result "1-0"]
[WhiteElo "1862"]
[BlackElo "1662"]
[PlyCount "37"]
[EventDate "2015.??.??"]

1. d4 {[%emt 0:00:00]} Nf6 2. Nf3 e6 3. c4 Bb4+ 4. Bd2 Bxd2+ 5. Nbxd2 O-O 6. g3
d5 7. Bg2 b6 8. O-O Bb7 9. Rc1 Nbd7 10. c5 c6 11. b4 Re8 12. Re1 e5 13. e4 exd4
14. Nxd4 Ne5 15. Rc3 dxe4 16. Nxe4 Nxe4 17. Bxe4 Rb8 18. Rce3 Nc4 19. Bxh7+ 1-0

[Event "Masters Grand Prix"]
[Site "Montpellier"]
[Date "2015.07.06"]
[Round "2.28"]
[White "Lemiere, Frederic"]
[Black "Moucheroud, Jeremy"]
[Result "0-1"]
[WhiteElo "1946"]
[BlackElo "2195"]
[PlyCount "48"]
[EventDate "2015.??.??"]

1. d4 Nf6 2. Nf3 d5 3. e3 e6 4. c4 c6 5. Nbd2 Nbd7 6. b3 b6 7. Bb2 Bb7 8. Bd3
Be7 9. O-O O-O 10. Ne5 dxc4 11. Ndxc4 b5 12. Nxd7 Nxd7 13. Ne5 Nxe5 14. dxe5
Qb6 15. Qc2 g6 16. Rfd1 Rfd8 17. Be4 c5 18. Ba3 Rxd1+ 19. Rxd1 Bxe4 20. Qxe4
Rd8 21. Rxd8+ Qxd8 22. g4 Qa5 23. Qa8+ Kg7 24. Qb7 Bf8 0-1

[Event "Masters Grand Prix"]
[Site "Montpellier"]
[Date "2015.07.06"]
[Round "2.29"]
[White "Ouakhir, Mehdi"]
[Black "Denninger, Guilhem"]
[Result "1-0"]
[WhiteElo "2176"]
[BlackElo "1777"]
[PlyCount "67"]
[EventDate "2015.??.??"]

1. g4 {[%emt 0:00:00]} d6 2. Bg2 c6 3. g5 g6 4. h4 h5 5. d4 Bg7 6. e4 e5 7. Ne2
Be6 8. Be3 Na6 9. Nbc3 Ne7 10. Qd2 O-O 11. O-O Nc7 12. f4 exf4 13. Nxf4 d5 14.
Nxe6 fxe6 15. Rxf8+ Qxf8 16. Rf1 Qe8 17. Bf4 Na6 18. Bh3 Nc8 19. Re1 Qf7 20.
exd5 Kh7 21. dxe6 Qe8 22. Ne4 Qd8 23. Nf6+ Bxf6 24. gxf6 Qxf6 25. Bg5 Qf3 26.
Re3 Qd5 27. Qf2 Nd6 28. Re5 Qxa2 29. e7 Nc7 30. Qf8 Qf7 31. Qh6+ Kg8 32. Bf4
Nf5 33. Bxf5 gxf5 34. Re2 1-0

[Event "Masters Grand Prix"]
[Site "Montpellier"]
[Date "2015.07.07"]
[Round "3.1"]
[White "Vanderbeeken, Mikael"]
[Black "Flear, Glenn C"]
[Result "0-1"]
[WhiteElo "2136"]
[BlackElo "2450"]
[PlyCount "58"]
[EventDate "2015.??.??"]

1. c4 e6 2. e4 d5 3. exd5 exd5 4. d4 Nf6 5. Nc3 Be7 6. Bd3 dxc4 7. Bxc4 O-O 8.
Nf3 Bg4 9. Be3 Nc6 10. Be2 Nd5 11. O-O Nxe3 12. fxe3 Qd6 13. d5 Bxf3 14. Rxf3
Ne5 15. Rf5 f6 16. Qd4 Rfd8 17. Rd1 a6 18. a3 Qd7 19. Rf4 Bd6 20. Rdf1 Qe7 21.
Bg4 Nxg4 22. Rxg4 Bc5 23. Qxf6 Bxe3+ 24. Kh1 Rf8 25. Ne4 Rxf6 26. Nxf6+ Kh8 27.
Re4 Qf7 28. Rxe3 gxf6 29. Re6 f5 0-1

[Event "Masters Grand Prix"]
[Site "Montpellier"]
[Date "2015.07.07"]
[Round "3.2"]
[White "Vidal, Llewellyn"]
[Black "Buscara, Sevan"]
[Result "1-0"]
[WhiteElo "2080"]
[BlackElo "2366"]
[PlyCount "99"]
[EventDate "2015.??.??"]

1. c4 {[%emt 0:00:00]} g6 2. Nc3 Bg7 3. g3 e5 4. Bg2 Ne7 5. d3 d6 6. Nf3 O-O 7.
O-O f5 8. Rb1 Nd7 9. Qc2 h6 10. b4 c6 11. b5 c5 12. a4 Nf6 13. Nd2 g5 14. b6 a6
15. Nd5 Nexd5 16. cxd5 f4 17. Nc4 h5 18. e3 Ng4 19. Be4 Qf6 20. f3 fxg3 21.
hxg3 Nh6 22. Qh2 h4 23. Bb2 Bd7 24. gxh4 gxh4 25. f4 Ng4 26. Qe2 Qe7 27. fxe5
Nxe5 28. Qh5 Bf6 29. Kh1 Bg4 30. Rg1 Qg7 31. Rxg4 Nxg4 32. Rg1 Nf2+ 33. Kh2
Qg3+ 34. Rxg3+ hxg3+ 35. Kg2 Nxe4 36. Qg6+ Kh8 37. Bxf6+ Rxf6 38. Qxe4 Rf2+ 39.
Kxg3 Rf7 40. Qh4+ Rh7 41. Qf6+ Kg8 42. Qe6+ Kh8 43. Nxd6 Rg7+ 44. Kf4 Rf8+ 45.
Nf5 Rg1 46. Ke5 c4 47. dxc4 a5 48. c5 Rg4 49. Qh6+ Kg8 50. Ne7+ 1-0

[Event "Masters Grand Prix"]
[Site "Montpellier"]
[Date "2015.07.07"]
[Round "3.3"]
[White "Touzane, Olivier"]
[Black "Youssoupov, Moisse"]
[Result "1/2-1/2"]
[WhiteElo "2328"]
[BlackElo "2251"]
[PlyCount "72"]
[EventDate "2015.??.??"]

1. c4 {[%emt 0:00:00]} g6 2. Nc3 Bg7 3. g3 e5 4. Bg2 Ne7 5. e3 d6 6. b3 O-O 7.
h4 h6 8. Bb2 Nd7 9. Nge2 Rb8 10. d4 a6 11. a4 Re8 12. O-O b6 13. a5 bxa5 14.
Rxa5 c5 15. Ra3 cxd4 16. exd4 exd4 17. Nxd4 Ne5 18. Ba1 Bb7 19. Bxb7 Rxb7 20.
Rxa6 d5 21. Nf3 Nxf3+ 22. Qxf3 Rxb3 23. Qd1 Rxc3 24. Bxc3 Bxc3 25. cxd5 Nxd5
26. h5 Re6 27. Rxe6 fxe6 28. Qg4 Qf6 29. Rb1 Be5 30. Rb3 Bd4 31. Rb8+ Kg7 32.
Rb7+ Kf8 33. Rb8+ Ke7 34. Rb7+ Kf8 35. Rb8+ Ke7 36. Rb7+ Kf8 1/2-1/2

[Event "Masters Grand Prix"]
[Site "Montpellier"]
[Date "2015.07.07"]
[Round "3.4"]
[White "Prie, Eric"]
[Black "Weill, Roland"]
[Result "1-0"]
[WhiteElo "2485"]
[BlackElo "2142"]
[PlyCount "57"]
[EventDate "2015.??.??"]

1. d4 Nf6 2. Bf4 b6 3. e3 Bb7 4. Nf3 Nh5 5. Bg5 h6 6. Bh4 g5 7. Nfd2 Ng7 8. Bg3
d6 9. h4 Nf5 10. hxg5 Nxg3 11. fxg3 e6 12. Qh5 Bg7 13. g6 f5 14. g4 Qe7 15. Nc3
Nd7 16. gxf5 Nf6 17. Qh3 exf5 18. O-O-O O-O-O 19. Bd3 Kb8 20. Bxf5 Rde8 21. e4
h5 22. d5 h4 23. Nf3 Nh5 24. Qxh4 Bf6 25. Qg4 Bxc3 26. bxc3 Qg7 27. Rxh5 Rxh5
28. Qxh5 Qxc3 29. g7 1-0

[Event "Masters Grand Prix"]
[Site "Montpellier"]
[Date "2015.07.07"]
[Round "3.8"]
[White "Brochet, Philippe"]
[Black "Filhol, Laurent"]
[Result "1-0"]
[WhiteElo "2378"]
[BlackElo "2080"]
[PlyCount "63"]
[EventDate "2015.??.??"]

1. e4 Nc6 2. Bb5 a6 3. Bxc6 bxc6 4. Nf3 d5 5. Nc3 d4 6. Ne2 c5 7. Ne5 f6 8. Nc4
Be6 9. b3 Bxc4 10. bxc4 e5 11. Ba3 Bd6 12. Nc1 Qd7 13. Nb3 Ne7 14. d3 Qc6 15.
Qg4 Kf7 16. O-O h5 17. Qe2 a5 18. Bc1 g5 19. a4 Qd7 20. h4 g4 21. f4 Ng6 22.
fxe5 Bxe5 23. c3 Kg7 24. Nxc5 Qc6 25. Ba3 dxc3 26. Kh1 Nxh4 27. Nb3 Rhd8 28. d4
Rxd4 29. Nxd4 Bxd4 30. Rad1 Be5 31. Qf2 Ng6 32. Qf5 1-0

[Event "Masters Grand Prix"]
[Site "Montpellier"]
[Date "2015.07.07"]
[Round "3.16"]
[White "Dussol, Pierre"]
[Black "Balais, Andre"]
[Result "1-0"]
[WhiteElo "2116"]
[BlackElo "1783"]
[PlyCount "39"]
[EventDate "2015.??.??"]

1. d4 Nf6 2. c4 c5 3. d5 b5 4. Qc2 d6 5. e4 g6 6. b3 b4 7. Bb2 Nbd7 8. f4 Bg7
9. Nf3 O-O 10. Bd3 Ng4 11. Bxg7 Kxg7 12. h3 Nh6 13. g4 f6 14. Nbd2 Nb6 15. O-O
a5 16. e5 a4 17. Rae1 axb3 18. axb3 f5 19. g5 Ng8 20. Qb2 1-0

[Event "Masters Grand Prix"]
[Site "Montpellier"]
[Date "2015.07.07"]
[Round "3.17"]
[White "Grollemund, Bertrand"]
[Black "Goulesque, Camille"]
[Result "1-0"]
[WhiteElo "2100"]
[BlackElo "1809"]
[PlyCount "45"]
[EventDate "2015.??.??"]

1. g3 Nf6 2. Bg2 g6 3. e4 d6 4. Ne2 Bg7 5. O-O O-O 6. d3 c5 7. f4 Nc6 8. Nd2
Nd4 9. c3 Nxe2+ 10. Qxe2 Bg4 11. Qf2 Qc8 12. f5 gxf5 13. h3 fxe4 14. hxg4 exd3
15. g5 Ng4 16. Qf3 c4 17. Ne4 d5 18. Nf2 Ne5 19. Qh5 Qc5 20. Bd2 b5 21. Rae1
Qd6 22. Bf4 Qg6 23. Qh3 1-0

[Event "Masters Grand Prix"]
[Site "Montpellier"]
[Date "2015.07.07"]
[Round "4.1"]
[White "Flear, Glenn C"]
[Black "Vidal, Llewellyn"]
[Result "1-0"]
[WhiteElo "2450"]
[BlackElo "2080"]
[PlyCount "137"]
[EventDate "2015.??.??"]

1. d4 {[%emt 0:00:00]} d5 2. c4 c6 3. Nf3 Nf6 4. e3 Bg4 5. h3 Bxf3 6. Qxf3 e6
7. Nc3 Nbd7 8. Bd3 Be7 9. Bd2 O-O 10. g4 dxc4 11. Bxc4 Nd5 12. O-O N7b6 13. Bb3
Rc8 14. Rfd1 Qc7 15. Rac1 f5 16. Qg2 Rcd8 17. gxf5 Rxf5 18. e4 Nf4 19. Bxf4
Rxf4 20. Bxe6+ Kh8 21. Ne2 Rf6 22. Bg4 Rg6 23. Qg3 Qxg3+ 24. fxg3 Bg5 25. Rc3
Na4 26. Rf3 b5 27. b3 Nb6 28. Rdf1 Rf6 29. h4 Rxf3 30. Rxf3 Bd2 31. Rf7 c5 32.
dxc5 Be3+ 33. Kg2 Bxc5 34. Rc7 Be3 35. Rxa7 Nc4 36. Rd7 Rxd7 37. Bxd7 Na3 38.
b4 Kg8 39. Nc3 Bd2 40. Nxb5 Nxb5 41. Bxb5 Bxb4 42. Bc4+ Kf8 43. h5 Bd6 44. Kf3
Ke7 45. Bg8 h6 46. g4 Kf6 47. a4 Bh2 48. Ke3 Bg1+ 49. Kd3 Ke5 50. a5 Bf2 51. a6
Kd6 52. Kc4 Be3 53. Kb5 Kc7 54. e5 Bd4 55. Bd5 Be3 56. Be4 Bf2 57. e6 Kd6 58.
e7 Kxe7 59. Kc6 Kf7 60. Kb7 Kg8 61. a7 Bxa7 62. Kxa7 Kf7 63. Kb7 Kf6 64. Kc6
Ke6 65. Bf5+ Ke7 66. Kc7 Ke8 67. Kd6 Kf7 68. Kd7 Kf8 69. Be6 1-0

[Event "Masters Grand Prix"]
[Site "Montpellier"]
[Date "2015.07.07"]
[Round "4.2"]
[White "Maes, Wim"]
[Black "Prie, Eric"]
[Result "0-1"]
[WhiteElo "2246"]
[BlackElo "2485"]
[PlyCount "50"]
[EventDate "2015.??.??"]

1. Nf3 d5 2. g3 Bg4 3. Bg2 Nd7 4. d3 e6 5. Nbd2 Bd6 6. b3 Ne7 7. Bb2 O-O 8. O-O
c5 9. e3 Nc6 10. c4 a6 11. a3 Re8 12. Qc2 Rc8 13. Rac1 b5 14. Rfe1 Nb6 15. h3
Bh5 16. cxd5 exd5 17. Qb1 f6 18. Nh4 Bf8 19. e4 d4 20. f4 Bf7 21. Bf3 Na5 22.
Qc2 c4 23. bxc4 bxc4 24. Nxc4 Nbxc4 25. dxc4 d3 0-1

[Event "Masters Grand Prix"]
[Site "Montpellier"]
[Date "2015.07.07"]
[Round "4.3"]
[White "Ouakhir, Mehdi"]
[Black "Brochet, Philippe"]
[Result "1/2-1/2"]
[WhiteElo "2176"]
[BlackElo "2378"]
[PlyCount "83"]
[EventDate "2015.??.??"]

1. d4 d5 2. Nf3 Nf6 3. c4 dxc4 4. e3 Be6 5. Na3 Bd5 6. Nxc4 e6 7. Be2 c5 8. O-O
Nc6 9. b3 cxd4 10. Nxd4 Bc5 11. Nxc6 Bxc6 12. Bb2 O-O 13. Rc1 Qe7 14. Na5 Bd5
15. Bxf6 gxf6 16. Bf3 Rad8 17. Qe2 Bxf3 18. Qxf3 Rd5 19. Rcd1 Rfd8 20. Rxd5
exd5 21. b4 Bxb4 22. Nb3 Bc3 23. Rd1 Qe5 24. h3 a5 25. a4 Qe8 26. e4 Be5 27.
Qg4+ Kh8 28. exd5 b6 29. g3 Qd7 30. Rd3 f5 31. Qh4 f4 32. gxf4 Rg8+ 33. Rg3 Bg7
34. Qh5 f5 35. Nd2 Qxd5 36. Nf3 Bf6 37. Ng5 Bxg5 38. Rxg5 Rxg5+ 39. fxg5 Qc6
40. Qf7 Qc1+ 41. Kh2 Qf4+ 42. Kh1 1/2-1/2

[Event "Masters Grand Prix"]
[Site "Montpellier"]
[Date "2015.07.07"]
[Round "4.4"]
[White "Duff, Rufus"]
[Black "Touzane, Olivier"]
[Result "0-1"]
[WhiteElo "2117"]
[BlackElo "2328"]
[PlyCount "69"]
[EventDate "2015.??.??"]

1. e4 {[%emt 0:00:00]} e6 2. d4 d5 3. Nd2 Be7 4. Ngf3 Nf6 5. Bd3 c5 6. dxc5
dxe4 7. Nxe4 Nxe4 8. Bxe4 Qxd1+ 9. Kxd1 Bxc5 10. Ke2 Nd7 11. Rd1 Nf6 12. Bd3
Ng4 13. Rf1 Bd6 14. c4 Bd7 15. Bd2 Ne5 16. Nxe5 Bxe5 17. Rab1 Bc6 18. g3 O-O-O
19. Be3 Bd4 20. Bxd4 Rxd4 21. Rfd1 g5 22. b3 f5 23. Bc2 Rd7 24. Rxd7 Kxd7 25.
b4 g4 26. Rd1+ Ke7 27. Rd2 h5 28. Ke3 h4 29. Rd1 a5 30. b5 Bf3 31. Rc1 Rc8 32.
Bd3 b6 33. Be2 Bxe2 34. Kxe2 Kd6 35. Rd1+ 0-1

[Event "Masters Grand Prix"]
[Site "Montpellier"]
[Date "2015.07.07"]
[Round "4.5"]
[White "Youssoupov, Moisse"]
[Black "Moucheroud, Jeremy"]
[Result "0-1"]
[WhiteElo "2251"]
[BlackElo "2195"]
[PlyCount "86"]
[EventDate "2015.??.??"]

1. d4 {[%emt 0:00:00]} d5 2. Bf4 Nf6 3. e3 e6 4. Nd2 Bd6 5. Bg3 c5 6. c3 cxd4
7. exd4 O-O 8. Ngf3 b6 9. Bd3 Ba6 10. Bxa6 Nxa6 11. Qe2 Nb8 12. Ne5 Qc7 13. O-O
Nc6 14. Rac1 Nd7 15. Ndf3 Rac8 16. Rfe1 Ndxe5 17. dxe5 Be7 18. h3 Qb7 19. Bf4
b5 20. Qd3 h6 21. Nh2 b4 22. Ng4 Bg5 23. Qd2 Qe7 24. Bxg5 Qxg5 25. f4 Qe7 26.
Re3 h5 27. Nf6+ gxf6 28. Rg3+ Kh7 29. Qd1 Kh6 30. exf6 Qc5+ 31. Kh1 Rg8 32.
cxb4 Qd4 33. Rd3 Qxf6 34. Qd2 Ne7 35. Rxc8 Rxc8 36. g4 hxg4 37. hxg4 Kg7 38.
Kg2 Rc4 39. Kg3 Ng6 40. Rf3 Qd4 41. Qh2 e5 42. g5 exf4+ 43. Kh3 Rc8 0-1

[Event "Masters Grand Prix"]
[Site "Montpellier"]
[Date "2015.07.07"]
[Round "4.6"]
[White "Buscara, Sevan"]
[Black "Ringuet, Noe"]
[Result "1-0"]
[WhiteElo "2366"]
[BlackElo "2097"]
[PlyCount "53"]
[EventDate "2015.??.??"]

1. d4 c5 2. d5 Nf6 3. Nc3 d6 4. e4 g6 5. Be2 Bg7 6. Nf3 O-O 7. O-O Bg4 8. Nd2
Bxe2 9. Qxe2 Na6 10. Nc4 Nc7 11. a4 Re8 12. Bf4 Qd7 13. h3 b5 14. axb5 Nxb5 15.
Nxb5 Qxb5 16. Ra5 Qb7 17. Ra3 Nd7 18. Rfa1 Reb8 19. R1a2 Qc7 20. c3 Kf8 21. Na5
Nb6 22. Nc6 Rb7 23. Qd3 c4 24. Qg3 Qd7 25. Be3 Nc8 26. Qf3 e6 27. Ra4 1-0

[Event "Masters Grand Prix"]
[Site "Montpellier"]
[Date "2015.07.07"]
[Round "4.7"]
[White "Mania, Clement"]
[Black "Grollemund, Bertrand"]
[Result "0-1"]
[WhiteElo "2205"]
[BlackElo "2100"]
[PlyCount "42"]
[EventDate "2015.??.??"]

1. e4 {[%emt 0:00:00]} g6 2. d3 Bg7 3. g3 d5 4. Nd2 Nc6 5. Bg2 Nf6 6. exd5 Nxd5
7. Ngf3 Bf5 8. O-O Qd7 9. Re1 Bh3 10. Bh1 h5 11. Ne4 h4 12. Nc5 Qf5 13. c4 Ndb4
14. a3 hxg3 15. hxg3 Bg4 16. Bg2 Nc2 17. Qxc2 Bxf3 18. Bg5 Bxg2 19. Bxe7 Rh1+
20. Kxg2 Qh3+ 21. Kf3 Nd4+ 0-1